00509nmm a2200145Ia 4500008004100000020001500041041000800056100002800064245009900092264005100191300001800242490002300260650003000283856005000313251105s9999||||xx |||||||||||||||||und|| a8497423720 aspa aTezanos, José Félix 0aLa sociedad dividida :b Estructura de clases y desigualdades en las sociedades tecnológicas a[Madrid, España] :bBiblioteca Nueva, c2005 a396 páginas aEnsayo Pensamiento aSocial Sciences (General) uhttps://public.digitaliapublishing.com/a/4758